000 00596nam a2200205Ia 4500
008 260312s9999 xx 000 0 und d
082 _a342.43 R426l 2006 HNA
100 _aEditorial Porrúa
_935155
245 0 _aLey fundamental de la República Federal de Alemania.
260 _aDeutscher Bundestag
260 _bs.l.
260 _c2006
300 _a97p.
500 _aColección Humberto Nogueira Alcalá
650 _aAlemania
_92071
650 _aConstitución
_92299
650 _aDerecho constitucional
_91698
650 _aRepública Popular China
_935156
942 _2ddc
_cLIBRO
999 _c19978
_d19978